| 000 | 01597nam a22002417a 4500 | ||
|---|---|---|---|
| 999 |
_c6376 _d6376 |
||
| 003 | DO-SdBJH | ||
| 005 | 20210803150607.0 | ||
| 008 | 210727b ||||| |||| 00| 0 spa d | ||
| 040 |
_aDO-SdBJH _bspa _cDO-SdBJH |
||
| 090 |
_aTG ANGM _b01618 2019 |
||
| 100 | 1 |
_aMontero Beltré, Hanoide _esustentante |
|
| 245 | 1 | 0 |
_aPropuesta para la optimización y estandarización del material bélico de la Armada de República Dominicana a partir del 2020 / _c Hanoide Montero Beltré, Breidy Miguel Mora Martínez, asesores Manuel Feliz Ledesma, Rubén Paulino Frías |
| 260 |
_aSanto Domingo Este : _bINSUDE, _c2019 |
||
| 300 | _aviii, 54 páginas | ||
| 502 | _aTrabajo de grado (Licenciado en Ciencias Navales). -- Instituto Superior para la Defensa (INSUDE). Academia Naval Marina de Guerra “Vicealmirante Cesar D’Windt Lavandier”, 2019 | ||
| 504 | _aIncluye referencias bibliográficas e índices | ||
| 505 | _aDefinición y características de un material bélico. -- Situación actual del material bélico de la Armada de República Dominicana y la ley para el control y regulación de armas, municiones y materiales relacionados (la Ley 631-16). -- Propuesta para la optimización y estandarización del material bélico de la Armada de República Dominicana a partir del 2020 | ||
| 700 | 1 |
_aMora Martínez, Breidy Miguel _esustentante |
|
| 700 | 1 |
_a Feliz Ledesma, Manuel _easesor |
|
| 700 | 1 |
_aPaulino Frías, Rubén _easesor |
|
| 830 | _aINSUDE. Academia Naval Marina de Guerra “Vicealmirante Cesar D’Windt Lavandier”. Tesis y disertaciones académicas | ||
| 942 |
_2CL _cT |
||